000 00414nam a22001337a 4500
041 _aENG
082 _a297.07
_bSIM
100 _aSimon Paul
245 _aA Study on the Christian Response to the Concept of God in 12th Century Islamic Philosophy with special Reference to Avicenna and Wilfred Cantwell Smith
260 _aHyderabad
_bHMI
_c2025
300 _a102
650 _aComparative Religion
942 _cTHES
999 _c23552
_d23552